Die meistabonnierten YouTube-Kanäle weltweit - Statistiken

Allgemein
  • Dieses Quiz wurde 144 mal gespielt
  • Das Durchschnittsergebnis liegt bei 3 aus 15
Antwortstatistiken
Abonnenten in Mio. Kanal % Korrekt
99,8 MrBeast
79%
111 PewDiePie
78%
221 T-Series
63%
139 Cocomelon
23%
89,8 WWE
13%
75,6 BLACKPINK
11%
98,8 Kids Diana Show
9%
138 SET India
9%
84,3 Vlad and Niki
8%
73,1 Goldmines
7%
98,5 Like Nastya
7%
77,1 5-Minute Crafts
5%
69,7 BANGTANTV
5%
70,2 Sony SAB
5%
86,3 Zee Music Company
5%
Keine übereinstimmenden Quizze gefunden
Verteilung der Resultate
Anzahl Personen mit jedem Resultat
Perzentil nach korrekt beantworteten Fragen
Ihre Resultats-Entwicklung
Sie haben dieses Quiz noch nicht gespielt